[Event "CZE-ch Amateur"]
[Site "Hluk"]
[Date "2023.05.06"]
[Round "2"]
[White "Holemar, David"]
[Black "Brcak, Marek"]
[Result "1-0"]
[WhiteElo "2197"]
[BlackElo "1911"]
[PlyCount "57"]
[EventDate "2023.05.06"]
[EventType "swiss"]
[EventRounds "9"]
[EventCountry "CZE"]
[SourceTitle "CBM 214 Extra"]
[Source "ChessBase"]
[SourceDate "2023.07.31"]
[SourceVersion "1"]
[SourceVersionDate "2023.07.31"]
[SourceQuality "1"]

1. d4 d5 2. Nf3 Nf6 3. Bg5 Nbd7 4. e3 e6 5. Nbd2 Be7 6. Bd3 0-0 7. c3 c5 8. Ne5 Nxe5 9. dxe5 Nd7 10. Bf4 Re8 11. Qh5 Nf8 12. Nf3 b6 13. Ng5 g6 14. Qh6 d4 15. exd4 cxd4 16. Be4 dxc3 17. 0-0 cxb2 18. Rad1 Qc7 19. Bxa8 Ba6 20. Be4 Bxf1 21. Rxf1 Qc4 22. g3 Qxa2 23. h4 f5 24. Bb1 Qc4 25. Nxh7 Rd8 26. Nxf8 Qxf1+ 27. Kxf1 Rd1+ 28. Kg2 Rxb1 29. Qxg6+ 1-0

[Event "CZE-chT2C 1617"]
[Site "Czech Republic"]
[Date "2017.03.19"]
[Round "10.6"]
[White "Ruzicka, Ales"]
[Black "Brcak, Marek"]
[Result "1-0"]
[WhiteElo "2101"]
[BlackElo "1948"]
[PlyCount "99"]
[EventDate "2016.10.09"]
[EventType "team-tourn"]
[EventRounds "11"]
[EventCountry "CZE"]
[SourceTitle "EXT 2022"]
[Source "ChessBase"]
[SourceDate "2021.10.06"]
[SourceVersion "1"]
[SourceVersionDate "2021.10.06"]
[SourceQuality "1"]
[WhiteTeam "Tabor"]
[BlackTeam "Vysehrad III"]
[WhiteTeamCountry "CZE"]
[BlackTeamCountry "CZE"]

1. e4 e5 2. Nf3 Nc6 3. Bb5 a6 4. Ba4 Nf6 5. 0-0 b5 6. Bb3 Be7 7. Re1 0-0 8. a4 Bb7 9. d3 d6 10. Nbd2 Na5 11. Ba2 b4 12. Nf1 c5 13. Ne3 Bc8 14. h3 Be6 15. Nf5 Bxa2 16. Rxa2 Re8 17. Bg5 Qc7 18. Bxf6 Bxf6 19. Ne3 Nc6 20. Nd5 Qd8 21. c3 bxc3 22. bxc3 Ne7 23. Nxf6+ gxf6 24. Nh4 Qd7 25. Qh5 Kh8 26. Qxf7 Rf8 27. Qh5 Rg8 28. Kh2 Raf8 29. Rb1 f5 30. exf5 Nxf5 31. Nxf5 Rxf5 32. Qh6 Qf7 33. Rbb2 Rfg5 34. g3 R5g6 35. Qe3 Rf6 36. c4 Rf8 37. Kg2 Qd7 38. Qe4 Rh6 39. h4 Qd8 40. Rb7 Rg8 41. Kh2 Rhg6 42. Rxh7+ Kxh7 43. h5 Qg5 44. hxg6+ Rxg6 45. Rb2 Qh5+ 46. Kg2 Kh6 47. Rb1 Qg5 48. Rh1+ Kg7 49. Qb7+ Kf6 50. Rh7 1-0

[Event "Prague Golden op 12th"]
[Site "Prague"]
[Date "2016.06.19"]
[Round "1"]
[White "Brcak, Marek"]
[Black "Kiss, Pal"]
[Result "1/2-1/2"]
[WhiteElo "1866"]
[BlackElo "2290"]
[PlyCount "106"]
[EventDate "2016.06.19"]
[EventType "swiss"]
[EventRounds "9"]
[EventCountry "CZE"]
[SourceTitle "CBM 173 Extra"]
[Source "ChessBase"]
[SourceDate "2016.08.29"]
[SourceVersion "1"]
[SourceVersionDate "2016.08.29"]
[SourceQuality "1"]

1. e4 c5 2. Nf3 Nc6 3. d4 cxd4 4. Nxd4 g6 5. Nc3 Bg7 6. Be3 Nf6 7. Be2 0-0 8. 0-0 d5 9. exd5 Nb4 10. Qd2 Nbxd5 11. Nxd5 Nxd5 12. Bh6 e5 13. Bxg7 Kxg7 14. Nb3 Nf4 15. Bf3 Qg5 16. Kh1 f5 17. g3 Nh3 18. Qb4 Qf6 19. Rad1 e4 20. Bg2 Ng5 21. Nc5 Rf7 22. h4 Ne6 23. Rd6 Qe5 24. Nxe6+ Bxe6 25. Rfd1 Rc8 26. c3 b6 27. a4 Rc4 28. Qb5 Rc5 29. Qe8 Bb3 30. Qxe5+ Rxe5 31. R1d4 Ra5 32. Rb4 Bxa4 33. Bf1 Re7 34. Kg2 Be8 35. Rbd4 Ra1 36. Bc4 Rc1 37. Rd2 Rc7 38. Bb3 Rb1 39. Ba2 Ra1 40. Bb3 Bb5 41. R6d4 Re1 42. Rd6 Be2 43. g4 Bf3+ 44. Kg3 Rg1+ 45. Kf4 Rxg4+ 46. Ke5 Kh6 47. Rd7 Rxd7 48. Rxd7 g5 49. Rd6+ Kg7 50. Rd7+ Kh6 51. Rd6+ Kg7 52. Rd7+ Kf8 53. Kf6 Ke8 1/2-1/2

[Event "Prague Golden op 10th"]
[Site "Prague"]
[Date "2014.06.26"]
[Round "6"]
[White "Privoznik, Lubos"]
[Black "Brcak, Marek"]
[Result "0-1"]
[WhiteElo "1646"]
[BlackElo "1936"]
[PlyCount "70"]
[EventDate "2014.06.22"]
[EventType "swiss"]
[EventRounds "9"]
[EventCountry "CZE"]
[SourceTitle "CBM 161 Extra"]
[Source "ChessBase"]
[SourceDate "2014.08.29"]
[SourceVersion "1"]
[SourceVersionDate "2014.08.29"]
[SourceQuality "1"]

1. e4 e5 2. Nf3 Nc6 3. d4 exd4 4. Nxd4 Bc5 5. Be3 Qf6 6. c3 Nge7 7. Bc4 Ne5 8. Be2 d6 9. Nd2 Qg6 10. Qb3 0-0 11. 0-0-0 Bxd4 12. Bxd4 Be6 13. Qxb7 N7c6 14. Bxe5 Nxe5 15. Qxc7 Bxa2 16. Qa5 Be6 17. f4 Qxg2 18. fxe5 Qxe2 19. exd6 Rfd8 20. e5 Rab8 21. Rde1 Qd3 22. Rhf1 Bf5 23. Qa4 Rb6 24. Rxf5 Qxf5 25. Qe4 Qe6 26. Qc4 Rbxd6 27. Qxe6 Rxe6 28. c4 f6 29. Nf3 fxe5 30. Rxe5 Rxe5 31. Nxe5 Kf8 32. b4 Rd4 33. Kc2 Re4 34. Nd3 Rxc4+ 35. Kb3 Rh4 0-1

[Event "Prague Golden op 10th"]
[Site "Prague"]
[Date "2014.06.23"]
[Round "3"]
[White "Pribylova, Sofie"]
[Black "Brcak, Marek"]
[Result "1/2-1/2"]
[WhiteElo "1558"]
[BlackElo "1936"]
[PlyCount "117"]
[EventDate "2014.06.22"]
[EventType "swiss"]
[EventRounds "9"]
[EventCountry "CZE"]
[SourceTitle "CBM 161 Extra"]
[Source "ChessBase"]
[SourceDate "2014.08.29"]
[SourceVersion "1"]
[SourceVersionDate "2014.08.29"]
[SourceQuality "1"]

1. d4 d5 2. c4 e6 3. Nc3 Nf6 4. Nf3 c6 5. Bf4 Bd6 6. Bxd6 Qxd6 7. e3 Nbd7 8. Bd3 0-0 9. 0-0 Qe7 10. Qc2 dxc4 11. Bxc4 e5 12. dxe5 Nxe5 13. Nxe5 Qxe5 14. Rfd1 Ng4 15. g3 Qh5 16. h4 Ne5 17. Be2 Bg4 18. Bxg4 Qxg4 19. Qe4 Qxe4 20. Nxe4 Rfd8 21. Nc3 Kf8 22. Kf1 Ke7 23. Ke2 b6 24. Rxd8 Rxd8 25. Rd1 Rxd1 26. Nxd1 c5 27. f4 Nc6 28. g4 Ke6 29. Nc3 c4 30. b3 cxb3 31. axb3 f6 32. Kd3 f5 33. g5 Nb4+ 34. Kc4 Nc2 35. Nd1 a6 36. h5 Na3+ 37. Kd4 Nb5+ 38. Kc4 Nd6+ 39. Kd4 Ne4 40. b4 Ng3 41. h6 gxh6 42. gxh6 Ne4 43. Nb2 Nf6 44. Nc4 Nd5 45. e4 Nxb4 46. Nxb6 fxe4 47. Kxe4 Kf6 48. f5 Nc6 49. Nd5+ Kf7 50. f6 a5 51. Kd3 Nb4+ 52. Nxb4 axb4 53. Kc4 Kxf6 54. Kxb4 Kg6 55. Kc3 Kxh6 56. Kd2 Kg5 57. Ke2 Kg4 58. Kf2 Kh3 59. Kg1 1/2-1/2

[Event "Ricany op"]
[Site "Ricany"]
[Date "2013.08.30"]
[Round "8"]
[White "Brcak, Marek"]
[Black "Hlina, Miloslav"]
[Result "1-0"]
[WhiteElo "1902"]
[BlackElo "1862"]
[PlyCount "49"]
[EventDate "2013.08.24"]
[EventType "swiss"]
[EventRounds "9"]
[EventCountry "CZE"]
[SourceTitle "EXT 2022"]
[Source "ChessBase"]
[SourceDate "2021.10.06"]
[SourceVersion "1"]
[SourceVersionDate "2021.10.06"]
[SourceQuality "1"]

1. e4 d5 2. exd5 Qxd5 3. Nc3 Qd8 4. d4 c6 5. Nf3 Bg4 6. Be3 Nf6 7. Be2 e6 8. Ne5 Bxe2 9. Qxe2 Be7 10. 0-0 0-0 11. Rad1 Nbd7 12. Rd3 Qa5 13. Bf4 Rfd8 14. Rg3 g6 15. Re1 Nd5 16. Nxd5 Qxd5 17. c4 Qxd4 18. Nxf7 Rf8 19. Be3 Qg7 20. Bh6 Qxf7 21. Rf3 Bf6 22. Bxf8 Rxf8 23. Rd1 Qe7 24. Rfd3 Qc5 25. Rxd7 1-0

[Event "Tabor op"]
[Site "Tabor"]
[Date "2008.07.28"]
[Round "3"]
[White "Brcak, Marek"]
[Black "Lomsky, Radek"]
[Result "1/2-1/2"]
[WhiteElo "2003"]
[BlackElo "1722"]
[PlyCount "44"]
[EventDate "2008.07.26"]
[EventType "swiss"]
[EventRounds "9"]
[EventCountry "CZE"]
[SourceTitle "CBM 125 Extra"]
[Source "ChessBase"]
[SourceDate "2008.09.01"]
[SourceVersion "1"]
[SourceVersionDate "2008.09.01"]
[SourceQuality "1"]

1. e4 c5 2. Nf3 d6 3. d4 cxd4 4. Nxd4 Nf6 5. Nc3 a6 6. Bg5 e6 7. f4 Be7 8. Qf3 Nbd7 9. Bd3 Qb6 10. Nb3 Qc7 11. 0-0-0 Rb8 12. f5 Ne5 13. Qe2 0-0 14. h4 b5 15. g4 Nfxg4 16. Rdg1 Nxd3+ 17. cxd3 h5 18. f6 Bxf6 19. Bxf6 Nxf6 20. Kb1 b4 21. Nd1 e5 22. Nf2 Ng4 1/2-1/2